Kliknij państwo z Ameryki Południowej - Statystyki

Ogólne statystyki
  • Ten quiz został rozwiązany 147 razy
  • Średni wynik to 9 z 12
Odpowiedzi na mapie
Odpowiedzi zakodowano w zielono-czerwonej skali na mapie do tego quizu, zgodnie z poniższymi procentami.
 
Statystyki odpowiedzi
Odpowiedź % Poprawnych
Argentyna
79%
Kolumbia
78%
Urugwaj
75%
Peru
73%
Ekwador
71%
Boliwia
70%
Brazylia
70%
Chile
70%
Wenezuela
70%
Surinam
68%
Gujana
67%
Paragwaj
67%
Nie znaleziono quizów pasujących do podanych kryteriów
Rozkład punktacji
Procent ludzi z każdym wynikiem
Percentyl według liczby udzielonych odpowiedzi
Twoja historia wyników
Nie rozwiązałeś tego quizu